000 00355nam a2200145Ia 4500
008 100122s9999 xx 000 0 und d
082 _b41117
_a428.24
100 _aEGINTON D
245 _aBETTER SPEECH FOR YOU
260 _bPREMA BOOKS
_c1949
300 _a235
630 _aBETTER SPEECH FOR YOU
730 _aBETTER SPEECH FOR YOU
942 _cBOOK
999 _c372465
_d372462